| 000 | 00377nam a2200157Ia 4500 | ||
|---|---|---|---|
| 999 |
_c10802 _d10802 |
||
| 008 | 191201s2011 xx 000 0 und d | ||
| 082 |
_a515.7 _bMAR |
||
| 100 | _aMALIK, S.C. | ||
| 245 | 0 | _aReal and Complex Analysis | |
| 250 | _a10th | ||
| 260 |
_aNew Delhi _bJeevansons Pub. _c2021 |
||
| 300 | _aMisc | ||
| 650 | _aBA GEN | ||
| 700 | _aBANSAL, Dinesh | ||
| 942 |
_2ddc _cBK _05 |
||